|
|
|
|
| LEADER |
00000nab a2200000 a 4500 |
| 001 |
vtls000350787 |
| 003 |
SK-MaSNL |
| 005 |
20260304210528.0 |
| 008 |
230223c1989 xo 0 slo |
| 015 |
|
|
|a SNBRB19rr/mm-uuuuu
|
| 035 |
|
|
|a CL0350909
|
| 035 |
|
|
|a (urnnbn)urn:nbn:sk:snk:ar-005k0q
|
| 035 |
|
|
|a (uuid)0e135fa1-c971-4446-8f90-38749c11eec1
|
| 035 |
|
|
|a urn:nbn:sk:snk-ab80it
|
| 040 |
|
|
|a SNKBUCL
|b slo
|c SNKBUCL
|e AACR2
|
| 041 |
0 |
|
|a slo
|
| 044 |
|
|
|a xo
|c SK
|
| 080 |
|
|
|a 549.21
|2 1981
|
| 100 |
1 |
|
|a Pulec, Miroslav,
|d 1934-2001
|4 aut
|9 202783
|
| 245 |
1 |
0 |
|a Výskyt kryštalického grafitu v pararulách, granitoidoch, pegmatitoch a aplitoch kryštalinika Západných Karpát
|c Miroslav Pulec
|
| 300 |
|
|
|b Obr. 3. Res. angl., lit. 19 zázn. v slov., ruš.
|
| 650 |
0 |
7 |
|a kryštalický grafit
|2 snkbucl
|9 1541781
|
| 650 |
0 |
7 |
|a pararuly
|2 snkbucl
|9 843142
|
| 650 |
0 |
7 |
|a granitoidy
|2 snkbucl
|9 15973
|
| 650 |
0 |
7 |
|a pegmatity
|2 snkbucl
|9 150888
|
| 650 |
0 |
7 |
|a aplity
|2 snkbucl
|9 843143
|
| 651 |
|
7 |
|a Západné Karpaty (pohorie)
|2 snkbucl
|9 175174
|
| 655 |
|
7 |
|a články z novín a časopisov
|2 snkbucl
|9 267496
|
| 773 |
0 |
|
|t Mineralia slovaca
|g Roč. 21, č. 1 (1989), s. 53-57
|
| 850 |
|
|
|a Slovenská národná knižnica v Martine
|a MTA001
|
| 852 |
|
|
|a SNK
|b KIS3GCP
|
| 954 |
|
|
|a odborná, vedecká literatúra pôvodná (slovenská)
|2 lita
|
| 958 |
|
|
|a NB
|
| 958 |
|
|
|a RK
|
| 958 |
|
|
|a OND
|
| 958 |
|
|
|a EUIPO
|
| 958 |
|
|
|a article9
|
| 992 |
|
|
|a RBX
|
| 999 |
|
|
|c 3126435
|d 3128365
|